| 000 | 00952nam a22003017a 4500 | ||
|---|---|---|---|
| 003 | CHAP | ||
| 005 | 20220329134232.0 | ||
| 008 | 971013s1977 r 00010 d | ||
| 010 | _a17390 | ||
| 011 | _a18362 | ||
| 035 | _a22447 | ||
| 040 | _cCHAP | ||
| 082 |
_a631.3 _bH8 1977 |
||
| 100 | 0 | 0 |
_aHunt, Donnell R. _956921 |
| 245 | _aFarm power and machinery management; laboratory manual and workbook | ||
| 250 | _a7 ed. | ||
| 260 |
_aAmes : _bIowa State University, _c1977 |
||
| 300 | _a365 p. | ||
| 590 |
_aBATCH-UPD _b10 _c20130110 _lUCH01 _h2111 |
||
| 590 |
_aBATCH-UPD _b10 _c20130410 _lUCH01 _h1422 |
||
| 590 |
_aBATCH-UPD _b10 _c20130914 _lUCH01 _h1627 |
||
| 590 |
_aCONVERSION _b10 _c20130109 _lUCH01 _h1311 |
||
| 650 | 1 | 4 |
_aMaquinaria agrÃcola. _971151 |
| 901 | _aBK | ||
| 942 | _cLIBRO | ||
| 949 |
_a631.3 H8 1977 _bBC _cLIBRO _d-52544 _eLIBRO _fc.2 _h84929 _i22447 _si |
||
| 949 |
_a631.3 H8 1977 _bBC _cLIBRO _d33724000555983 _eLIBRO _h57154 _i22447 _si |
||
| 999 |
_c17390 _d17390 |
||